[Event "Druzynowe Mistrzostwa Polski - II liga"]
[Site "Dom Wczasowy VIS Jastrzebia Gora"]
[Date "1899-12-30"]
[Round "5.133"]
[White "Madej, Jaroslaw"]
[Black "Jakubowski, Jaroslaw"]
[Result "1/2-1/2"]
[WhiteTitle "I+"]
[BlackTitle "k"]
[WhiteElo "2029"]
[BlackElo "2103"]

1. d4 Nf6 2. Nf3 c5 3. c3 e6 4. Bf4 d5 5. e3 Nc6 6. Nbd2 Be7 7. Ne5 O-O 8. Bd3
Qb6 9. Rb1 Nxe5 10. dxe5 Ne8 11. h4 f5 12. Nf3 Bd7 13. g4 Nc7 14. Rg1 Be8 15.
gxf5 exf5 16. Qc2 Bd7 17. Rd1 Kh8 18. Rg3 Qe6 19. Kd2 b5 20. Rdg1 Ne8 21. h5 a5
22. Bg5 b4 23. c4 Bxg5 24. Rxg5 dxc4 25. Bxc4 Qc6 26. Nh4 Be6 27. Kc1 Bxc4 28.
Qxc4 Qe4 29. Qxe4 fxe4 30. R1g2 Ra6 31. R5g4 Rh6 32. Rxe4 Rxh5 33. Rg3 Rxf2 34.
Rf3 Rxf3 35. Nxf3 Nc7 36. e6 Rf5 37. e7 Ne8 38. Ne5 Kg8 39. Nc4 g5 40. Nxa5 h5
41. Kd2 Kg7 42. Nc6 Kf6 43. Ke2 g4 44. Rf4 Kg5 45. Nd8 Rxf4 46. Ne6+ Kf5 47. Nxf4
h4 48. Nd3 c4 49. Nxb4 1/2-1/2

[Event "Druzynowe Mistrzostwa Polski - II liga"]
[Site "Dom Wczasowy VIS Jastrzebia Gora"]
[Date "1899-12-30"]
[Round "5.135"]
[White "Brylski, Pawel"]
[Black "Olszewski, Marek"]
[Result "1-0"]
[WhiteTitle "I+"]
[BlackTitle "k+"]
[WhiteElo "1971"]
[BlackElo "1980"]

1. e4 Nc6 2. Nf3 e6 3. d4 d5 4. e5 b6 5. Bd3 Nb8 6. Qe2 a5 7. h4 Ba6 8. h5 Bxd3
9. Qxd3 h6 10. Rh3 Ne7 11. c3 Nd7 12. Na3 c6 13. g4 Qc7 14. Bd2 f6 15. exf6 gxf6
16. Nh4 O-O-O 17. O-O-O Bg7 18. f4 e5 19. f5 Rhe8 20. Qf1 Kb7 21. Kb1 Nc8 22.
c4 dxc4 23. Nxc4 Nd6 24. Nxa5+ bxa5 25. Rb3+ Ka7 26. d5 c5 27. Ra3 Nb7 28. Bxa5
Nxa5 29. Qb5 Qb6 30. Rxa5+ Kb7 31. Qa4 Kc8 32. Ra6 Qb7 33. Rc1 Bf8 34. d6 Nb6
35. Qb5 Bxd6 36. Rxb6 Qe4+ 37. Ka1 Re7 38. Rxd6 Rxd6 39. Qxc5+ Rc6 40. Qxc6+ Qxc6
41. Rxc6+ 1-0

[Event "Druzynowe Mistrzostwa Polski - II liga"]
[Site "Dom Wczasowy VIS Jastrzebia Gora"]
[Date "1899-12-30"]
[Round "5.136"]
[White "Wisniewski, Jaroslaw"]
[Black "Deren, Marcin"]
[Result "1-0"]
[WhiteTitle "I"]
[BlackTitle "I"]
[WhiteElo "1829"]
[BlackElo "1922"]

1. b3 Nf6 2. Bb2 g6 3. Nf3 Bg7 4. g3 O-O 5. Bg2 d5 6. O-O c5 7. d3 Nc6 8. Ne5 Nxe5
9. Bxe5 Ng4 10. Bxg7 Kxg7 11. c4 Nf6 12. cxd5 Nxd5 13. Qc2 b6 14. Rd1 e5 15. Qb2
f6 16. e3 Rb8 17. d4 exd4 18. exd4 Ne7 19. Na3 cxd4 20. Rxd4 Qc7 21. Rc1 Qe5 22.
Nc4 Qf5 23. Nd6 Qe5 24. Nc4 Qf5 25. Re1 Qc5 26. b4 Qc7 27. Nd6 a6 28. Rc1 Qa7
29. Qc3 Kh8 30. g4 Be6 31. Re1 Bg8 32. Rf4 Nd5 33. Bxd5 Bxd5 34. Rxf6 Qg7 35.
g5 Kg8 36. a3 Qd7 37. Qd4 Rxf6 38. Qxd5+ Rf7 39. Qxf7+ Qxf7 40. Nxf7 Kxf7 41.
Rc1 Ke6 42. Kg2 Kd6 43. Rc3 Rb7 44. Kg3 Re7 45. Rf3 Kc6 46. Rd3 Kb5 47. Rc3 a5
48. bxa5 Kxa5 49. h4 b5 50. f4 Ka4 51. Kg4 b4 52. axb4 Kxb4 53. Rc1 Kb5 54. h5
Rb7 55. hxg6 hxg6 56. Kf3 Re7 57. Rc8 Re6 58. Rc3 Kb6 59. Rc4 Kb5 60. Re4 Rc6
61. Re5+ Kb6 62. f5 gxf5 63. Rxf5 Kc7 64. Rd5 Rc1 65. Kg4 Rg1+ 66. Kf3 Rf1+ 67.
Kg2 Rf7 68. g6 Rg7 1-0

[Event "Druzynowe Mistrzostwa Polski - II liga"]
[Site "Dom Wczasowy VIS Jastrzebia Gora"]
[Date "1899-12-30"]
[Round "5.137"]
[White "Sabor, Krzysztof"]
[Black "Szybowicz, Piotr"]
[Result "1/2-1/2"]
[WhiteTitle "I"]
[BlackTitle "I++"]
[WhiteElo "1764"]
[BlackElo "1904"]

1. d4 Nf6 2. Nf3 g6 3. g3 Bg7 4. Bg2 O-O 5. O-O d6 6. c4 e5 7. dxe5 dxe5 8. Nc3
Nc6 9. Qxd8 Rxd8 10. Bg5 Be6 11. Nd2 Rd7 12. Rfd1 h6 13. Bxf6 Bxf6 14. Nde4 Rxd1+
15. Rxd1 Be7 16. Nd5 Bxd5 17. Rxd5 Rd8 18. Rxd8+ Nxd8 19. Nc3 c6 20. a3 a5 21.
h4 f5 22. e3 Kf7 23. Kf1 Ne6 24. Ke2 Kf6 25. Kd2 e4 26. Bf1 Ke5 27. Ne2 g5 28.
hxg5 hxg5 29. Kc3 f4 30. gxf4+ gxf4 31. Nxf4 Nxf4 32. exf4+ Kxf4 33. a4 Bc5 34.
Kd2 Bxf2 35. Ke2 Bd4 36. b3 Kg3 37. Ke1 Kf3 38. Be2+ Ke3 39. Kd1 Be5 40. Bf1 Bg3
41. Be2 Kd4 42. Kc2 Ke3 43. Kd1 Kf2 44. Bh5 Ke3 45. Be2 1/2-1/2

[Event "Druzynowe Mistrzostwa Polski - II liga"]
[Site "Dom Wczasowy VIS Jastrzebia Gora"]
[Date "1899-12-30"]
[Round "5.138"]
[White "Roclawska, Julia"]
[Black "Barczyk-telejko, Joanna"]
[Result "0-1"]
[WhiteTitle "II"]
[BlackTitle "I+"]
[WhiteElo "1243"]
[BlackElo "1829"]

1. e4 c5 2. Nf3 e6 3. d4 cxd4 4. Nxd4 a6 5. Nc3 Qc7 6. Be3 Bb4 7. Qd2 Nf6 8. f3
d5 9. Bd3 e5 10. Nde2 d4 11. Nxd4 exd4 12. Bxd4 Qd6 13. Bf2 O-O 14. a3 Ba5 15.
O-O-O Bxc3 16. Qxc3 Qc6 17. Qd2 Nbd7 18. h4 Nc5 19. g4 Nb3+ 20. Kb1 Nxd2+ 21.
Rxd2 0-1

[Event "Druzynowe Mistrzostwa Polski - II liga"]
[Site "Dom Wczasowy VIS Jastrzebia Gora"]
[Date "1899-12-30"]
[Round "6.1"]
[White "Pakleza, Zbigniew"]
[Black "Lewtak, Damian"]
[Result "1-0"]
[WhiteTitle "GM"]
[BlackTitle "IM"]
[WhiteElo "2499"]
[BlackElo "2386"]

1. d4 d5 2. c4 e6 3. Nc3 Nf6 4. Nf3 Bb4 5. e3 O-O 6. Bd3 c5 7. O-O cxd4 8. exd4
dxc4 9. Bxc4 Nbd7 10. Qb3 Qe7 11. Bg5 h6 12. Bh4 g5 13. Bg3 Nb6 14. Be2 Nbd5 15.
Nxd5 exd5 16. Ne5 Be6 17. f4 Bd6 18. f5 Bd7 19. Bd3 Bc6 20. Rae1 Qc7 21. Bb1 Rfe8
22. h4 Qb6 23. Qd1 Ne4 24. Rxe4 dxe4 25. Nc4 e3 26. Nxb6 e2 27. Qb3 exf1=Q+ 28.
Kxf1 Bxg3 29. Qxg3 axb6 30. hxg5 h5 31. g6 Rad8 32. f6 Rf8 33. gxf7+ Kxf7 34.
Qg7+ Ke6 35. Qe7+ Kd5 36. Qe4+ Kc4 37. Bd3+ Kb4 38. Qe7+ Ka5 39. Qa3+ Ba4 40.
b4# 1-0

[Event "Druzynowe Mistrzostwa Polski - II liga"]
[Site "Dom Wczasowy VIS Jastrzebia Gora"]
[Date "1899-12-30"]
[Round "6.3"]
[White "Turski, Bartlomiej"]
[Black "Cajbel, Maciej"]
[Result "1-0"]
[WhiteTitle "FM"]
[BlackTitle "k"]
[WhiteElo "2380"]
[BlackElo "2196"]

1. e4 c5 2. Nf3 Nc6 3. Bb5 g6 4. Bxc6 dxc6 5. d3 Bg7 6. h3 Nf6 7. a4 b6 8. a5 Ba6
9. axb6 axb6 10. Be3 c4 11. Ra3 O-O 12. O-O c5 13. Re1 cxd3 14. cxd3 Qd7 15. Qb3
Qb5 16. Qa2 Bb7 17. Ne5 Rxa3 18. Nxa3 Qb4 19. Nc2 Qb5 20. f4 e6 21. b4 Nd7 22.
Nc4 Ra8 23. Qb3 Qa4 24. Qxa4 Rxa4 25. b5 Bxe4 26. Nxb6 Nxb6 27. dxe4 Bd4 28. Bxd4
cxd4 29. Rd1 Ra2 30. Nxd4 Rb2 31. Rd3 Kf8 32. Rb3 Rd2 33. Nf3 Re2 34. Rb4 Ke7
35. Kf1 Ra2 36. Rb3 Kd6 37. Ng5 Kc5 38. Nxf7 Nc4 39. b6 Nxb6 40. Ng5 Nc4 41. Rd3
Kc6 42. e5 h6 43. Nxe6 g5 44. Nd4+ Kd5 45. Nf3+ Ke6 46. fxg5 hxg5 47. Nxg5+ Kxe5
48. Nf3+ Kf5 49. Kg1 Nb2 50. Rd2 Ra1+ 51. Kh2 Nd1 52. Re2 Nc3 53. Re3 Ne4 54.
Nd4+ Kf4 55. Rf3+ Ke5 56. Ne2 Nd2 57. Re3+ Kf5 58. g4+ Kf6 59. Kg2 Ra2 60. Nc3
Rc2 61. Re2 Rxc3 62. Rxd2 Kg5 63. Rd5+ Kf4 64. Rf5+ Ke4 65. Rf2 Ra3 66. h4 Ke5
67. Rf3 Ra2+ 68. Kg3 Ra1 69. h5 Rh1 70. Rf2 Ke6 71. Rf5 Ke7 72. Kf4 Ke8 1-0

[Event "Druzynowe Mistrzostwa Polski - II liga"]
[Site "Dom Wczasowy VIS Jastrzebia Gora"]
[Date "1899-12-30"]
[Round "6.4"]
[White "Kasperek, Ryszard"]
[Black "Kukula, Pawel"]
[Result "1/2-1/2"]
[WhiteTitle "m"]
[BlackTitle "m"]
[WhiteElo "2083"]
[BlackElo "2133"]

1. e4 c5 2. Nf3 Nf6 3. e5 Nd5 4. Nc3 Nxc3 5. dxc3 Nc6 6. Bf4 Qc7 7. Qd2 e6 8. O-O-O
h6 9. h4 Rb8 10. c4 a6 11. a4 Na5 12. Qc3 b6 13. g4 Bb7 14. Be2 Bc6 15. b3 b5
16. Bd2 b4 17. Qd3 g6 18. Bf4 Bg7 19. Qe3 Bf8 20. Rh3 Bxf3 21. Bxf3 Nc6 22. Bxc6
Qxc6 23. Qe2 Rd8 24. Rhd3 Be7 25. h5 g5 26. Bg3 Rg8 27. Kb1 Rg7 28. Rf3 Qb7 29.
Qd3 Qc6 30. Rf6 Bxf6 31. exf6 Rg8 32. Qh7 Rf8 33. Qxh6 d5 34. Qxg5 dxc4 35. Rxd8+
Kxd8 36. bxc4 b3 37. Qd2+ Kc8 38. Qd6 bxc2+ 39. Kc1 Qh1+ 40. Kxc2 Qe4+ 41. Kc3
Qe1+ 42. Qd2 Qa1+ 43. Qb2 Qe1+ 44. Qd2 Qa1+ 45. Qb2 1/2-1/2

[Event "Druzynowe Mistrzostwa Polski - II liga"]
[Site "Dom Wczasowy VIS Jastrzebia Gora"]
[Date "1899-12-30"]
[Round "6.5"]
[White "Raczek, Krzysztof"]
[Black "Puczylowski, Marcin"]
[Result "1/2-1/2"]
[WhiteTitle "k"]
[BlackTitle "k"]
[WhiteElo "2113"]
[BlackElo "2106"]

1. c4 e5 2. Nc3 Nf6 3. Nf3 Nc6 4. d3 d5 5. cxd5 Nxd5 6. e4 Nxc3 7. bxc3 Bc5 8.
Be2 O-O 9. O-O Bg4 10. Be3 Bb6 11. h3 Bh5 12. Nd2 Bxe2 13. Qxe2 Qe7 14. Rab1 Rfd8
15. Nc4 Rd7 16. Rfd1 Rad8 17. a4 h6 18. Rb5 Bxe3 19. fxe3 b6 20. d4 a6 21. Rb2
Qg5 22. d5 f6 23. Nd2 Na5 24. Re1 Qh4 25. Rb4 Ra8 26. Kh2 Nb7 27. Nf3 Qh5 28.
Qc4 Qf7 29. Rf1 Re7 30. Nh4 a5 31. Rb5 Nd6 32. Qc6 Rb8 33. Nf5 Rd7 34. Rfb1 Kh7
35. Rxa5 Nxf5 36. exf5 bxa5 37. Rxb8 Qxd5 38. Qa8 Qxa8 39. Rxa8 Rd5 40. Kg3 g6
41. fxg6+ Kxg6 42. Kf3 Rc5 43. g4 f5 1/2-1/2

[Event "Druzynowe Mistrzostwa Polski - II liga"]
[Site "Dom Wczasowy VIS Jastrzebia Gora"]
[Date "1899-12-30"]
[Round "6.6"]
[White "Kasperek, Joanna"]
[Black "Majdan, Joanna"]
[Result "0-1"]
[WhiteTitle "k++"]
[BlackTitle "WGM"]
[WhiteElo "2031"]
[BlackElo "2307"]

1. e4 c5 2. Nf3 d6 3. d4 cxd4 4. Qxd4 Nc6 5. Bb5 a6 6. Bxc6+ bxc6 7. O-O e5 8.
Qd3 Qc7 9. c4 Be7 10. Nc3 Nf6 11. b4 O-O 12. Bg5 h6 13. Bxf6 Bxf6 14. Rac1 Be7
15. b5 axb5 16. cxb5 cxb5 17. Rfd1 Qa5 18. Qxb5 Be6 19. Qxa5 Rxa5 20. h3 f5 21.
exf5 Rxf5 22. Ne4 Ra6 23. a3 Rf4 24. Rc7 Bf8 25. Ng3 Rxa3 26. Kh2 Ra2 27. Kg1
Rb4 28. Rd2 Rb1+ 29. Kh2 Rxd2 30. Nxd2 Rb2 31. Nde4 d5 32. Rc6 Bf7 33. Nd6 Bxd6
34. Rxd6 Rxf2 35. Kg1 Rf4 36. Ne2 Rf6 37. Rd8+ Kh7 38. Nc3 d4 39. Ne4 Rf4 40.
Nf2 h5 41. g3 Rf3 42. Kg2 Re3 43. Rd6 Bg6 44. g4 h4 45. Kf1 d3 46. Kg2 e4 47.
Nd1 Rg3+ 48. Kh2 e3 0-1

[Event "Druzynowe Mistrzostwa Polski - II liga"]
[Site "Dom Wczasowy VIS Jastrzebia Gora"]
[Date "1899-12-30"]
[Round "6.7"]
[White "Szustakowski, Antoni"]
[Black "Kucza, Karol"]
[Result "1/2-1/2"]
[WhiteTitle "FM"]
[BlackTitle "FM"]
[WhiteElo "2311"]
[BlackElo "2329"]

1. Nf3 d5 2. g3 Nf6 3. Bg2 c6 4. c4 dxc4 5. O-O e6 6. a4 Nbd7 7. Qc2 Bd6 8. Na3
e5 9. Nxc4 Bc7 10. d4 exd4 11. Nxd4 O-O 12. Rd1 Nd5 13. a5 Qf6 14. Bxd5 cxd5 15.
Ne3 Bd8 16. Nxd5 Qg6 17. Qxg6 hxg6 18. Bf4 Nf6 19. Nc7 Bxc7 20. Bxc7 Re8 21. f3
Nd5 22. Nb5 Ne3 23. Rdc1 Nf5 24. e4 Bd7 25. Nc3 Rac8 26. Bf4 Ne7 27. Rd1 Bc6 28.
Kf2 a6 29. Bd6 g5 30. Rac1 f6 31. b4 Kf7 32. Bc5 Ng6 33. Nd5 g4 34. Nb6 Rcd8 35.
Nc4 Rxd1 36. Rxd1 Rh8 37. Rh1 gxf3 38. Kxf3 Ke6 39. Ke3 Rh3 40. Bd4 Ne7 41. Nd2
g5 42. Rf1 f5 43. Nf3 Rh5 44. Bc5 Bxe4 45. Nd4+ Kd7 46. Bxe7 Kxe7 47. Nxf5+ Bxf5
48. Rxf5 Ke6 49. Rc5 Rxh2 50. Rxg5 Kf6 51. Rd5 Ke6 52. Rg5 Kf6 53. Rd5 Ke6 54.
Rd4 Rb2 55. Kf4 Rf2+ 56. Kg5 Rf5+ 57. Kg6 Rf6+ 58. Kg7 Rf7+ 59. Kg8 Rc7 60. Re4+
Kf5 61. Rf4+ Kg6 62. Kf8 b6 63. Rd4 bxa5 64. Rd6+ Kf5 65. bxa5 Rc3 66. Ke7 Rxg3
67. Kd7 Ra3 68. Rxa6 Ra1 69. Kc7 Ke4 70. Re6+ Kf5 71. Rh6 Kg5 72. Ra6 Kf5 73.
Kb7 Ra2 74. Ra8 Ke6 75. a6 Rb2+ 76. Ka7 Kd7 77. Rb8 Ra2 78. Rb4 Kc7 79. Rc4+ Kd7
80. Kb7 Rb2+ 81. Ka8 Rb1 82. a7 Rb2 83. Rh4 Kc7 84. Rh7+ Kc8 85. Rh8+ Kc7 86.
Rb8 Rc2 87. Rb7+ Kc8 88. Rb4 Rc1 89. Rc4+ Rxc4 1/2-1/2

[Event "Druzynowe Mistrzostwa Polski - II liga"]
[Site "Dom Wczasowy VIS Jastrzebia Gora"]
[Date "1899-12-30"]
[Round "6.8"]
[White "Maciejczak, Jakub"]
[Black "Paprocki, Antoni"]
[Result "1/2-1/2"]
[WhiteTitle "FM"]
[BlackTitle "k"]
[WhiteElo "2374"]
[BlackElo "2074"]

1. e4 e5 2. Nf3 Nc6 3. Bb5 a6 4. Ba4 Nf6 5. O-O Be7 6. Qe2 b5 7. Bb3 O-O 8. c3
d5 9. d3 h6 10. Re1 Re8 11. Nbd2 a5 12. d4 Bf8 13. Qxb5 Bd7 14. Qf1 dxe4 15. d5
exf3 16. dxc6 fxg2 17. Qxg2 Bf5 18. Nf1 a4 19. Bc4 Qc8 20. Bxh6 Bh3 21. Qg3 Nh5
22. Qf3 Qg4+ 23. Qxg4 Bxg4 24. Bg5 Bf3 25. Re3 Bxc6 26. Rae1 Nf4 27. Bxf4 exf4
28. Rxe8 Bxe8 29. Bd5 Rd8 30. Kg2 Bb5 31. c4 Ba6 32. Kf3 Bd6 33. b3 axb3 34. axb3
Rb8 35. Nd2 Bb4 36. Re2 Bxd2 37. Rxd2 Rxb3+ 38. Kxf4 c6 39. Bxc6 Bxc4 40. Be4
g6 41. f3 1/2-1/2

[Event "Druzynowe Mistrzostwa Polski - II liga"]
[Site "Dom Wczasowy VIS Jastrzebia Gora"]
[Date "1899-12-30"]
[Round "6.9"]
[White "Skomial, Mateusz"]
[Black "Malovanyi, Yulian"]
[Result "1/2-1/2"]
[WhiteTitle "I++"]
[BlackTitle "FM"]
[WhiteElo "2090"]
[BlackElo "2310"]

1. e4 d6 2. d4 g6 3. Nf3 Bg7 4. Nc3 Nf6 5. Be2 O-O 6. Be3 c6 7. a4 Nbd7 8. O-O
e5 9. dxe5 dxe5 10. Qd6 Re8 11. Bc4 h6 12. Rad1 Bf8 13. Qd3 Ng4 14. Bc1 Qe7 15.
h3 Nc5 16. Qe2 Nf6 17. b4 Ncd7 18. Na2 a5 19. b5 Nh5 20. Qe3 Qf6 21. Rfe1 Nf4
22. Bf1 Ne6 23. Bb2 Nec5 24. Nc3 Kh7 25. Ba3 Nd3 26. Qxd3 Bxa3 27. Nd5 cxd5 28.
Qxa3 dxe4 29. Rxe4 b6 30. Qd6 Kg7 31. Qc7 Nc5 32. Rxe5 Rxe5 33. Nxe5 Bf5 34. Ng4
Bxg4 35. hxg4 Re8 36. Rd6 Re6 37. Rxe6 Qxe6 38. Qf4 Qf6 39. Qe3 Nxa4 40. Bc4 Nc5
41. g3 Nd7 42. Kg2 Qe5 43. Qd3 Nc5 44. Qf3 Qe4 45. Bd5 Qe7 46. Qc3+ Kg8 47. Qd4
a4 48. Qf4 Kg7 49. Qb8 Nd7 50. Qa7 Qd6 51. Bc6 Nc5 52. Qxb6 a3 53. Qa7 Ne6 54.
Bf3 Nd4 55. c4 Nxf3 56. Kxf3 Qd3+ 57. Kg2 Qxc4 58. Qxa3 1/2-1/2

[Event "Druzynowe Mistrzostwa Polski - II liga"]
[Site "Dom Wczasowy VIS Jastrzebia Gora"]
[Date "1899-12-30"]
[Round "6.10"]
[White "Janaszak, Dawid"]
[Black "Kulesza, Andrzej"]
[Result "0-1"]
[WhiteTitle "FM"]
[BlackTitle "I++"]
[WhiteElo "2331"]
[BlackElo "2014"]

1. e4 c5 2. Nf3 d6 3. d4 cxd4 4. Nxd4 Nf6 5. Nc3 a6 6. a4 g6 7. Be2 Bg7 8. O-O
O-O 9. Be3 Nc6 10. Qd2 Re8 11. f3 d5 12. Nxc6 bxc6 13. Rfd1 Bb7 14. a5 e5 15.
Na4 Nd7 16. Qb4 Qc7 17. Nc5 Nxc5 18. Bxc5 f5 19. Ra3 Bf8 20. Rb3 Rab8 21. Bxf8
Rxf8 22. Qc5 fxe4 23. Rxd5 exf3 24. gxf3 Rbe8 25. Bc4 Kh8 26. Rbd3 Bc8 27. Rd6
Qe7 28. Rxc6 Qg5+ 29. Kh1 Bb7 30. Bd5 Bxc6 31. Bxc6 Qc1+ 32. Kg2 Rf5 33. h4 Ref8
34. Be4 R5f6 35. Qxe5 Qxc2+ 36. Kg3 Qc1 37. Kg2 Qf4 38. Qxf4 Rxf4 39. Rd6 R4f6
40. Rxf6 Rxf6 41. Kf2 Rf8 42. Bd3 Rb8 43. Bxa6 Rxb2+ 44. Be2 Rb4 45. Kg3 Kg7 46.
a6 Ra4 47. Bb5 Ra5 48. Bd3 Kf6 49. Kf4 Ra4+ 50. Kg3 h6 51. Bb5 Ra3 52. Bf1 Ke5
53. Bb5 Kd4 54. Kg4 Ra5 55. Be8 Rxa6 56. h5 g5 57. f4 gxf4 58. Kxf4 Rf6+ 59. Kg4
Ke3 60. Kg3 Rf5 61. Kh2 Kf2 62. Kh3 Rg5 63. Bf7 Rg3+ 64. Kh4 Kf3 65. Bd5+ Kf4
66. Bf7 Rg7 67. Be8 Re7 68. Bg6 Kf3 69. Kh3 Re1 70. Kh2 Kg4 71. Kg2 Re2+ 72. Kf1
Kf3 73. Kg1 Kg3 74. Kf1 Re5 75. Bh7 Rxh5 76. Bg6 Re5 0-1

[Event "Druzynowe Mistrzostwa Polski - II liga"]
[Site "Dom Wczasowy VIS Jastrzebia Gora"]
[Date "1899-12-30"]
[Round "6.11"]
[White "Marciniak, Leonard"]
[Black "Dudzinski, Pawel"]
[Result "1/2-1/2"]
[WhiteTitle "I+"]
[BlackTitle "FM"]
[WhiteElo "1811"]
[BlackElo "2198"]

1. d4 g6 2. e4 c6 3. Nc3 d5 4. Nf3 Bg7 5. h3 Nf6 6. e5 Ne4 7. Bd3 Nxc3 8. bxc3
c5 9. Be3 c4 10. Be2 Qa5 11. Bd2 Nd7 12. O-O Nb6 13. Qc1 Na4 14. Qa3 Bf8 15. Qb4
Qa6 16. Rab1 e6 17. Qb5+ Qxb5 18. Rxb5 a6 19. Rbb1 Ba3 20. Nh2 h5 21. f4 Bb2 22.
Rf3 b5 23. g4 Bd7 24. gxh5 gxh5 25. Kf2 Ke7 26. h4 Rag8 27. Rg1 Rxg1 28. Kxg1
Rg8+ 29. Kf2 Be8 30. Re3 b4 31. Bxh5 Rh8 32. Be2 Rxh4 33. Kg3 Rh8 34. cxb4 Bxd4
35. Rf3 f5 36. exf6+ Bxf6 37. Rf1 Bg6 38. Bd1 Nb2 39. c3 Bd3 40. Rg1 Rg8+ 41.
Bg4 Na4 42. Rc1 d4 43. cxd4 Bxd4 44. Kf3 Kd6 45. Be3 Bc3 46. Bc5+ Kd5 47. Ke3
e5 48. fxe5 Bxe5 49. Bf3+ Ke6 50. Ng4 Bb2 51. Rh1 Rg6 52. Nf2 Nxc5 53. Ke4 Ke5+
1/2-1/2

[Event "Druzynowe Mistrzostwa Polski - II liga"]
[Site "Dom Wczasowy VIS Jastrzebia Gora"]
[Date "1899-12-30"]
[Round "6.12"]
[White "Czerwinska, Milena"]
[Black "Budkiewicz, Magdalena"]
[Result "1/2-1/2"]
[WhiteTitle "WFM"]
[BlackTitle "k+"]
[WhiteElo "1972"]
[BlackElo "1786"]

1. e4 e5 2. Nf3 Nc6 3. Bc4 Bc5 4. d3 Nf6 5. O-O d6 6. c3 O-O 7. Nbd2 Be6 8. Re1
Bb6 9. Bb3 a6 10. Nf1 d5 11. Bg5 dxe4 12. dxe4 Bxb3 13. Qxb3 h6 14. Rad1 Qe7 15.
Be3 Nd7 16. Bxb6 Nxb6 17. Ne3 Na5 18. Nd5 Nxd5 19. Qxd5 Nc6 20. Qd7 Rfe8 21. Qxe7
Rxe7 22. Rd5 g6 23. Red1 Kg7 24. Kf1 Kf6 25. Nd2 1/2-1/2

[Event "Druzynowe Mistrzostwa Polski - II liga"]
[Site "Dom Wczasowy VIS Jastrzebia Gora"]
[Date "1899-12-30"]
[Round "6.13"]
[White "Sapis, Witalis"]
[Black "Gnojek, Petr"]
[Result "1-0"]
[WhiteTitle "IM"]
[BlackTitle "FM"]
[WhiteElo "2378"]
[BlackElo "2335"]

1. d4 f5 2. Bf4 Nf6 3. e3 d6 4. h3 c6 5. Nf3 g6 6. c4 Bg7 7. Nc3 Qa5 8. Be2 O-O
9. O-O c5 10. Bh2 a6 11. a3 Bd7 12. Rb1 cxd4 13. exd4 Ne4 14. Nxe4 fxe4 15. Nd2
Qf5 16. d5 h5 17. g4 Qg5 18. Nxe4 Qh6 19. Qb3 b5 20. c5 hxg4 21. hxg4 dxc5 22.
Nxc5 Qd2 23. Qe3 Qxe3 24. fxe3 Rxf1+ 25. Kxf1 Be8 26. Ne6 Nd7 27. Nxg7 Kxg7 28.
Rc1 Nb6 29. e4 Nc4 30. Kf2 Ra7 31. Bxc4 bxc4 32. Rxc4 Rb7 33. b4 Bd7 34. g5 Kf7
35. Ke3 a5 36. Rc7 Rxc7 37. Bxc7 axb4 38. axb4 Ba4 39. Kd4 Ke8 40. Kc5 Kd7 41.
Bf4 Bc2 42. b5 Bd3 43. e5 Be4 44. e6+ Kc8 45. Kc6 Bd3 46. b6 Ba6 47. d6 Bb7+ 48.
Kc5 Kd8 49. d7 Bc6 50. Bc7# 1-0

[Event "Druzynowe Mistrzostwa Polski - II liga"]
[Site "Dom Wczasowy VIS Jastrzebia Gora"]
[Date "1899-12-30"]
[Round "6.14"]
[White "Paseka, Matyas"]
[Black "Karwowski, Kacper"]
[Result "0-1"]
[WhiteTitle ""]
[BlackTitle "CM"]
[WhiteElo "2244"]
[BlackElo "2216"]

1. e4 c5 2. Nf3 d6 3. d4 Nf6 4. Nc3 cxd4 5. Nxd4 a6 6. Be3 e5 7. Nb3 Be6 8. f3
Nbd7 9. g4 Be7 10. Qd2 b5 11. g5 Nh5 12. O-O-O O-O 13. Nd5 Bxd5 14. exd5 f6 15.
gxf6 Bxf6 16. Na5 Qe8 17. Nc6 Nf4 18. Qb4 Qh5 19. Rg1 Bg5 20. Re1 Rf6 21. Kb1
Bh4 22. Rc1 Qxf3 23. Bxf4 Qxf4 24. Qa3 Bf2 25. Rh1 Nb6 26. Qh3 Kh8 27. Bg2 e4
28. Rcd1 Rh6 29. Qc3 Qg4 30. Bxe4 Qxe4 31. Rhf1 Rf6 32. Qd2 Nc4 33. Qg5 Ne3 34.
Rg1 Bxg1 35. Rxg1 Rg6 0-1

[Event "Druzynowe Mistrzostwa Polski - II liga"]
[Site "Dom Wczasowy VIS Jastrzebia Gora"]
[Date "1899-12-30"]
[Round "6.15"]
[White "Rudnicki, Milosz"]
[Black "Denderski, Piotr"]
[Result "0-1"]
[WhiteTitle "k"]
[BlackTitle "k"]
[WhiteElo "2200"]
[BlackElo "2246"]

1. d4 c5 2. d5 Nf6 3. Nc3 d6 4. e4 g6 5. Nf3 Bg7 6. Bb5+ Nbd7 7. a4 O-O 8. h3 Ne8
9. O-O Nc7 10. Bc4 a6 11. Re1 Rb8 12. a5 b5 13. axb6 Nxb6 14. Bf1 Nb5 15. Nxb5
axb5 16. Ra2 b4 17. Bd2 Bd7 18. Qc1 Ra8 19. Rxa8 Qxa8 20. Bh6 Qa2 21. Bxg7 Kxg7
22. b3 f6 23. Bd3 Ra8 24. g4 Qa3 25. Qf4 Qb2 26. Kg2 Ra1 27. Rxa1 Qxa1 28. h4
Qc3 29. g5 Be8 30. Kg3 Bf7 31. Qg4 c4 32. bxc4 b3 33. gxf6+ exf6 34. Qf4 bxc2
35. Bxc2 Qxc2 36. Qxd6 Nxc4 37. Qe7 Qd3 38. Kf4 h6 39. Qc7 g5+ 40. hxg5 hxg5+
41. Kg3 Ne5 0-1

[Event "Druzynowe Mistrzostwa Polski - II liga"]
[Site "Dom Wczasowy VIS Jastrzebia Gora"]
[Date "1899-12-30"]
[Round "6.16"]
[White "Kaliszuk, Kamil"]
[Black "Wacior, Maciej"]
[Result "1/2-1/2"]
[WhiteTitle "k"]
[BlackTitle "k"]
[WhiteElo "2067"]
[BlackElo "2151"]

1. d4 d5 2. c4 e6 3. Nc3 c6 4. e4 dxc4 5. a4 Nf6 6. Bxc4 Bb4 7. e5 Nd5 8. Nge2
O-O 9. O-O Nd7 10. Bd2 a6 11. Ne4 Be7 12. Qb3 b6 13. Qg3 Kh8 14. Bd3 c5 15. Rad1
cxd4 16. Nxd4 Qc7 17. Nf3 f6 18. Rc1 Qb8 19. Rxc8 Rxc8 20. Qh3 f5 21. Neg5 Nf8
22. g4 g6 23. gxf5 exf5 24. e6 Nf4 25. Nf7+ Kg8 26. Nh6+ Kh8 27. Nf7+ Kg8 28.
Nh6+ Kg7 29. Nxf5+ gxf5 30. Qxf5 Nxd3 31. Qf7+ Kh8 32. Bh6 1/2-1/2

[Event "Druzynowe Mistrzostwa Polski - II liga"]
[Site "Dom Wczasowy VIS Jastrzebia Gora"]
[Date "1899-12-30"]
[Round "6.17"]
[White "Gosciniak, Maria"]
[Black "Bednarski, Dawid"]
[Result "1-0"]
[WhiteTitle "WFM"]
[BlackTitle "I+"]
[WhiteElo "2094"]
[BlackElo "1989"]

1. e4 c5 2. Nf3 Nc6 3. d4 cxd4 4. Nxd4 Nf6 5. Nc3 e5 6. Ndb5 d6 7. Nd5 Nxd5 8.
exd5 Nb8 9. c4 a6 10. Nc3 Be7 11. Be2 O-O 12. O-O f5 13. f4 Nd7 14. Kh1 exf4 15.
Bxf4 g5 16. Be3 Ne5 17. b4 Bd7 18. c5 g4 19. Qd2 Ng6 20. Bh6 Rf7 21. c6 Bc8 22.
Bd3 bxc6 23. dxc6 d5 24. c7 Qd6 25. Rad1 Bf8 26. Bxf8 Kxf8 27. Qh6+ Kg8 28. Bc4
Bb7 29. Nxd5 Raf8 30. Ne3 Qxc7 31. Bxf7+ Rxf7 32. Rxf5 Rxf5 33. Nxf5 Bxg2+ 34.
Kg1 Qa7+ 35. Kxg2 Qb7+ 36. Kg1 Qb6+ 37. Qe3 Qf6 38. Qe8+ Nf8 39. Rf1 Qb6+ 40.
Ne3 Qxb4 41. Qf7+ 1-0

[Event "Druzynowe Mistrzostwa Polski - II liga"]
[Site "Dom Wczasowy VIS Jastrzebia Gora"]
[Date "1899-12-30"]
[Round "6.18"]
[White "Orlik, Sandra"]
[Black "Adamowicz, Katarzyna"]
[Result "0-1"]
[WhiteTitle "I++"]
[BlackTitle "WFM"]
[WhiteElo "1840"]
[BlackElo "2088"]

1. e4 e5 2. Nf3 d6 3. d4 Nd7 4. Nc3 Ngf6 5. h3 h6 6. Be3 c6 7. a4 a5 8. Be2 Be7
9. O-O Qc7 10. Ne1 g5 11. Nd3 Nf8 12. dxe5 dxe5 13. Bg4 Bxg4 14. hxg4 Ne6 15.
f3 h5 16. Kf2 hxg4 17. Rh1 O-O-O 18. Qg1 Rxh1 19. Qxh1 Nd4 20. Bxd4 exd4 21. Ne2
c5 22. b3 Bd6 23. Qh6 Qe7 24. Ng3 Bxg3+ 25. Kxg3 Qd6+ 26. Kf2 Nxe4+ 0-1

[Event "Druzynowe Mistrzostwa Polski - II liga"]
[Site "Dom Wczasowy VIS Jastrzebia Gora"]
[Date "1899-12-30"]
[Round "6.19"]
[White "Golenia, Wojciech"]
[Black "Lubczynski, Rafal"]
[Result "0-1"]
[WhiteTitle "k+"]
[BlackTitle "IM"]
[WhiteElo "2175"]
[BlackElo "2413"]

1. e4 d6 2. d4 Nf6 3. Nc3 e5 4. Nf3 Nbd7 5. Bc4 Be7 6. O-O O-O 7. a4 a5 8. Re1
c6 9. h3 h6 10. Be3 Nh7 11. Qe2 Ng5 12. Rad1 Nxf3+ 13. Qxf3 Bf6 14. d5 Be7 0-1

[Event "Druzynowe Mistrzostwa Polski - II liga"]
[Site "Dom Wczasowy VIS Jastrzebia Gora"]
[Date "1899-12-30"]
[Round "6.20"]
[White "Kuegel, Tobias"]
[Black "Golenia, Jan"]
[Result "1/2-1/2"]
[WhiteTitle "FM"]
[BlackTitle "k"]
[WhiteElo "2297"]
[BlackElo "2113"]

1. e4 e5 2. Nf3 Nc6 3. Bb5 a6 4. Bxc6 dxc6 5. O-O Bg4 6. h3 h5 7. d3 Qf6 8. Nbd2
g5 9. hxg4 hxg4 10. Re1 gxf3 11. Qxf3 Qxf3 12. Nxf3 f6 13. Be3 O-O-O 14. g3 Nh6
15. Nh2 Rd7 16. Kg2 c5 17. Kf3 Rdh7 18. Kg2 Rd7 19. Kf3 Rdh7 1/2-1/2